Statistics for Formula 1 Teams 2023 Season

Click here to take the quiz!

General Stats

  • This quiz has been taken 135 times
  • The average score is 9 of 10

Answer Stats

DriverTeam% Correct
Max VerstappenRed Bull Racing
99%
Charles LeclercFerrari
98%
George RussellMercedes
97%
Oscar PiastriMcLaren
92%
Lance StrollAston Martin
89%
Valtteri BottasAlfa Romeo
86%
Kevin MagnussenHaas F1 Team
86%
Alexander AlbonWilliams
84%
Nyck de VriesAlphaTauri
81%
Esteban OconAlpine
81%

Score Distribution

Percentile by Number Answered

Percent of People with Each Score

Your Score History

You have not taken this quiz